Central Library OPAC University of Rajshahi

Historians of the Middle East / (Record no. 26647)

MARC details
000 -LEADER
fixed length control field 00800nam a2200241 a 4500
001 - CONTROL NUMBER
control field 26647
003 - CONTROL NUMBER IDENTIFIER
rucl marc code BD-RjUL
005 - DATE AND TIME OF LATEST TRANSACTION
control field 20211209051040.0
008 - FIXED-LENGTH DATA ELEMENTS--GENERAL INFORMATION
fixed length control field 140323s1962 enk b 001 0 eng d
035 ## - SYSTEM CONTROL NUMBER
System control number (BD-RjUL)26717
040 ## - CATALOGING SOURCE
Original cataloging agency NUN
Language of cataloging eng
Transcribing agency NUN
Modifying agency BD-RjUL
041 ## - LANGUAGE CODE
Language code of text/sound track or separate title eng
082 04 - DEWEY DECIMAL CLASSIFICATION NUMBER
Classification number 956.072
Edition number 23
Author mark and year HIS 1962
245 00 - TITLE STATEMENT
Title Historians of the Middle East /
Statement of responsibility, etc. ed. by Bernard Lewis and P.M. Holt.
260 ## - PUBLICATION, DISTRIBUTION, ETC. (IMPRINT)
Place of publication, distribution, etc. London :
Name of publisher, distributor, etc. Oxford University Press,
Date of publication, distribution, etc. c1962.
300 ## - PHYSICAL DESCRIPTION
Pagination xi, 519 p. ;
Size 25 cm.
504 ## - BIBLIOGRAPHY, ETC. NOTE
Bibliography, etc Includes bibliographical references and index.
650 ## - SUBJECT ADDED ENTRY--TOPICAL TERM
Topical term or geographic name as entry element Middle East
9 (RLIN) 165065
Form subdivision History
General subdivision Historiography.
700 1# - ADDED ENTRY--PERSONAL NAME
Personal name Lewis, Bernard,
Dates associated with a name 1916-
Personal name Holt, P. M.
Fuller form of name (Peter Malcolm)
942 ## - ADDED ENTRY ELEMENTS (KOHA)
Source of classification or shelving scheme Dewey Decimal Classification
Koha item type Books
Holdings
Lost status Source of classification or shelving scheme Damaged status Not for loan Collection code Permanent Location Current Location Shelving location Date acquired Source of acquisition Cost, normal purchase price Total Checkouts Full call number Date last seen Copy number Koha item type
  Dewey Decimal Classification     Non-fiction Central Library, University of Rajshahi Central Library, University of Rajshahi   17/07/1964 Zeitlinger 60.00   956.072 HIS 1962 23/03/2014 C-3 Books
  Dewey Decimal Classification     Non-fiction Central Library, University of Rajshahi Central Library, University of Rajshahi   17/07/1964 Zeitlinger 60.00   956.072 HIS 1962 10/11/2016 C-4 Books
  Dewey Decimal Classification   Not For Loan Non-fiction Central Library, University of Rajshahi Central Library, University of Rajshahi Reading Room 25/03/1964 Zeitlinger 57.60   956.072 HIS 1962 26/02/2017 C-1 Books